Juventus FC - Strzelcy Bramek w LM (2010-2019) - Statystyki

Ogólne statystyki
  • Ten quiz został rozwiązany 43 razy
  • Średni wynik to 14 z 29
Statystyki odpowiedzi
Bramki Narodowość Zawodnik % Poprawnych
9 Chilijczyk Arturo Vidal
97%
8 Portugalczyk Cristiano Ronaldo
97%
14 Argentyńczyk Paulo Dybala
97%
12 Argentyńczyk Gonzalo Higuain
90%
10 Chorwat Mario Mandzukic
87%
7 Hiszpan Alvaro Morata
81%
1 Włoch Giorgio Chiellini
81%
2 Włoch Leonardo Bonucci
77%
4 Bośniak Miralem Pjanic
74%
3 Kolumbijczyk Juan Cuadrado
71%
1 Włoch Andrea Pirlo
58%
7 Argentyńczyk Carlos Tevez
58%
1 Walijczyk Aaron Ramsey
48%
2 Francuz Paul Pogba
45%
3 Włoch Claudio Marchisio
42%
1 Brazylijczyk Douglas Costa
39%
2 Czarnogórzec Mirko Vucinic
39%
1 Szwajcar Stephan Lichtsteiner
26%
3 Brazylijczyk Dani Alves
23%
3 Hiszpan Fernando Llorente
23%
1 Chorwat Marko Pjaca
23%
2 Francuz Blaise Matuidi
19%
1 Włoch Daniele Rugani
19%
6 Włoch Fabio Quagliarella
16%
2 Włoch Federico Bernardeschi
16%
2 Włoch Sebastian Giovinco
16%
2 Włoch Alessandro Matri
13%
1 Włoch Stefano Sturaro
13%
1 Włoch Simone Zaza
6%
Nie znaleziono quizów pasujących do podanych kryteriów
Rozkład punktacji
Procent ludzi z każdym wynikiem
Percentyl według liczby udzielonych odpowiedzi
Twoja historia wyników
Nie rozwiązałeś tego quizu